| 000 | 00807nam a2200265Ia 4500 | ||
|---|---|---|---|
| 005 | 20220316235945.0 | ||
| 008 | 141017s1963 mx gr 000 m spa | ||
| 020 | _a9681609832 | ||
| 041 | 0 | _aspa | |
| 082 | 0 | 4 |
_aME864.08 _bR29a |
| 100 | 1 |
_aReyes, Alfonso _d1889-1959 |
|
| 245 | 1 | 0 |
_aAntología _bprosa, teatro, poesía _cAlfonso Reyes |
| 250 | _aPrimera edición | ||
| 300 |
_a164 páginas _c17 cm |
||
| 490 | 0 |
_aColección popular _v46 |
|
| 650 | 1 | 4 |
_aTeatro mexicano _2LEMB |
| 650 | 1 | 4 |
_aPoesía mexicana _2LEMB |
| 650 | 1 | 4 |
_aLiteratura mexicana _2LEMB |
| 942 |
_2ddc _cBKLIT |
||
| 264 |
_aMéxico _bFondo de Cultura Económica _c1963 |
||
| 336 |
_atexto _btxt _2rdacontent |
||
| 337 |
_asin mediación _bn _2rdamedia |
||
| 338 |
_avolumen _bnc _2rdacarrier |
||
| 040 |
_aCO-BoRNBP _bspa _erda _cCO-BoRNBP |
||
| 999 |
_c2729 _d2729 |
||